Loading...
Auditory Arts | 2 | 3 | 1 | 0 | 55 | 61 | 90.00 | 1 | 5 |
Social Science | 0 | 4 | 0 | 3 | 40 | 109 | 121.25 | 0 | 2 |
Science - Biology | 1 | 2 | 0 | 2 | 35 | 58 | 96.00 | 0 | 1 |
Visual Arts | 0 | 3 | 1 | 1 | 25 | 91 | 105.33 | 1 | 2 |
Literature - European Literature | 0 | 2 | 0 | 2 | 20 | 135 | 138.50 | 1 | 2 |
History - Ancient History | 0 | 2 | 1 | 0 | 15 | 113 | 125.50 | 0 | 1 |
Science - Other Science | 1 | 0 | 0 | 0 | 15 | 63 | 63.00 | 0 | 1 |
Fine Arts - Other Arts | 0 | 2 | 1 | 0 | 15 | 105 | 114.50 | 0 | 1 |
History - American History | 0 | 1 | 0 | 0 | 10 | 72 | 72.00 | 1 | 1 |
Literature - American Literature | 0 | 1 | 0 | 0 | 10 | 110 | 110.00 | 0 | 1 |
Literature - World Literature | 0 | 1 | 0 | 1 | 10 | 124 | 124.00 | 0 | 0 |
Current Events | 0 | 1 | 0 | 0 | 10 | 126 | 126.00 | 0 | 1 |
Beliefs | 0 | 2 | 2 | 0 | 10 | 98 | 122.00 | 0 | 2 |
Science - Chemistry | 0 | 1 | 1 | 1 | 5 | 129 | 129.00 | 0 | 1 |
History - European History | 0 | 1 | 1 | 0 | 5 | 98 | 98.00 | 1 | 1 |
Philosophy | 0 | 0 | 0 | 0 | 0 | 0.00 | 0 | 0 | |
History - World History | 0 | 0 | 1 | 0 | -5 | 0.00 | 0 | 0 | |
Other Academic | 0 | 0 | 1 | 0 | -5 | 0.00 | 0 | 0 |